[Event "Goiania op"]
[Site "Goiania"]
[Date "2017.05.26"]
[Round "2"]
[White "Macedo, Joao Arlindo dos Sa"]
[Black "De Siqueira, Luigy Lira"]
[Result "1-0"]
[WhiteElo "1623"]
[BlackElo "1800"]
[PlyCount "39"]
[EventDate "2017.05.26"]
[EventType "swiss"]
[EventRounds "6"]
[EventCountry "BRA"]
[SourceTitle "CBM 178 Extra"]
[Source "ChessBase"]
[SourceDate "2017.06.22"]
[SourceVersion "1"]
[SourceVersionDate "2017.06.22"]
[SourceQuality "1"]

1. e4 e5 2. Nf3 Nc6 3. d4 exd4 4. Nxd4 Bc5 5. Nf3 Nf6 6. Bg5 h6 7. Bh4 d6 8. Nc3 0-0 9. Be2 Bg4 10. h3 Bh5 11. Nd5 Kh8 12. Nxf6 gxf6 13. Qd2 Kh7 14. Qf4 Nd4 15. Nxd4 Bxd4 16. Bxh5 Be5 17. Qf5+ Kh8 18. c3 Qe7 19. f4 Bxf4 20. Bxf6+ 1-0

[Event "Goiania op"]
[Site "Goiania"]
[Date "2016.05.15"]
[Round "5"]
[White "Macedo, Joao Arlindo dos Sa"]
[Black "Franca, Jairo"]
[Result "1-0"]
[WhiteElo "1800"]
[BlackElo "1671"]
[PlyCount "25"]
[EventDate "2016.05.13"]
[EventType "swiss"]
[EventRounds "6"]
[EventCountry "BRA"]
[SourceTitle "CBM 172 Extra"]
[Source "ChessBase"]
[SourceDate "2016.06.21"]
[SourceVersion "1"]
[SourceVersionDate "2016.06.21"]
[SourceQuality "1"]

1. e4 c5 2. Nf3 Nc6 3. d4 cxd4 4. Nxd4 d6 5. Bc4 Nxd4 6. Qxd4 e5 7. Qd3 Nf6 8. Qb3 Qc7 9. Nc3 a6 10. Nd5 Nxd5 11. Bxd5 Rb8 12. Bg5 Bd7 13. Bxf7# 1-0